| 000 | 00426cam a2200169ua 4500 | ||
|---|---|---|---|
| 003 | OSt | ||
| 008 | 241030b |||||||| |||| 00| 0 eng d | ||
| 041 | _aeng | ||
| 082 |
_a621.47 _bGUS/RE |
||
| 100 |
_aGusain, P P S . _96336 |
||
| 245 | _aRenewable energy in India / | ||
| 250 | _a1 / | ||
| 260 |
_a : _bHar-Anand Publications , _c1990. |
||
| 300 | _a125 ; . | ||
| 490 | 0 | _aSustainable development series, | |
| 942 | _cBK | ||
| 999 |
_c10270 _d10270 |
||